Swoon /
Saved in:
| Andre forfattere: | , , |
|---|---|
| Format: | |
| Sprog: | engelsk |
| Udgivet: |
[Italia] :
Dolmen Home Video,
[2005?]
|
| Tags: |
Ingen Tags, Vær først til at tagge denne postø!
|
MARC
| LEADER | 00000ngm a22000007ib4500 | ||
|---|---|---|---|
| 001 | IT\ICCU\UBO\3113934 | ||
| 003 | ItRI | ||
| 005 | 20260124182816.0 | ||
| 008 | 070104s2005 it |||||||||||||||k|||||c | ||
| 040 | |b ita | ||
| 041 | 7 | |a eng |2 ISO-639-2 | |
| 245 | 0 | 0 | |a Swoon / |c di Tom Kalin. |
| 260 | |a [Italia] : |b Dolmen Home Video, |c [2005?] | ||
| 300 | |a 1 DVD (ca. 82 min.) : |b b/n, son. ; |c 12 cm | ||
| 500 | |a Interpreti: Daniel Schachet, Craig Chester | ||
| 500 | |a Ripr. del film del 1992, prod. Usa. | ||
| 700 | 1 | |a Schlachet, Daniel |0 IT\ICCU\UBOV\033481 | |
| 700 | 1 | |a Chester, Craig |0 IT\ICCU\UBOV\033483 | |
| 700 | 1 | |a Kalin, Tom |0 IT\ICCU\UBOV\809154 | |
| 773 | 0 | |w IT\ICCU\UBO\3113909 |t New Queer Cinema |g 2 | |
| 942 | |2 ddc |c VM |n 0 | ||
| 952 | |0 0 |1 0 |4 0 |6 VO_1298_000000000000000 |7 0 |9 26653 |a BO |b BO |d 2026-01-24 |i 11406 |l 0 |o VO 1298 |p BO11406 |r 2026-01-24 18:28:16 |w 2026-01-24 |x [Sebina 5] [DVD 1] |y VM |z DVD 2 | ||
| 999 | |c 22543 |d 22543 | ||